Incomplete - Backstreet Boys - All Lyrics - Statistics

General Stats
  • This quiz has been taken 25 times
  • The average score is 150 of 204
Answer Stats
Answer % Correct
I
100%
a
94%
all
94%
with
94%
be
88%
go
88%
in
88%
incomplete
88%
Incomplete
88%
is
88%
me
88%
me,
88%
oh-oh
88%
oh-oh)
88%
to
88%
you,
88%
you
88%
You
88%
for
81%
I'm
81%
I’m
81%
my
81%
on
81%
on,
81%
an
75%
but
75%
But
75%
like
75%
this
75%
tried
75%
Where
75%
Without
75%
without
75%
alone
69%
(Alone,
69%
can't
69%
don't
69%
face
69%
going
69%
heart
69%
it
69%
knew
69%
never
69%
pray
69%
world
69%
your
69%
if
63%
let
63%
no
63%
we
63%
am
56%
asleep
56%
awake,
56%
Baby,
56%
baby,
56%
half
56%
it's
56%
unbroken
56%
up
56%
big
50%
Empty
50%
faces
50%
fill
50%
should
50%
spaces
50%
still
50%
wanna
50%
find
44%
left
44%
made
44%
make
44%
mistake
44%
ocean
44%
rest
44%
tell
44%
anybody's
38%
carry
38%
drag
38%
guess
38%
holes
38%
place
38%
seem
38%
swimming
38%
within
38%
wonder
38%
Distant
31%
Voices
31%
written
31%
mean
25%
No matching quizzes found
Score Distribution
Percent of People with Each Score
Percentile by Number Answered
Your Score History
You have not taken this quiz